Tannhäuser : und ser Sängerkrieg auf Warburg = Tannhäuser : and the Song Contest at the Wartburg = Tannhäuser : et le concours de chant à la Wartburg = Tannhäuser : e la gara dei cantori sulla Wartburg /

Furkejuvvon:
Bibliográfalaš dieđut
Váldodahkki: Wagner, Richard (música y libreto)
Searvvušdahkkit: Royal Opera House (Chorus) (voz), Philharmonia Orchestra (ejecución musical)
Eará dahkkit: Domingo, Plácido (voz) (voz), Salminen, Matti (voz) (voz), Schmidt, Andreas (voz) (voz), Pell, William (voz) (voz), Rydl, Kurt (voz) (voz), Bieber, Clemens (voz) (voz), Hillebrandt, Oskar (voz) (voz), Studer, Cheryl (voz) (voz), Baltsa, Agnes (voz) (voz), Bonney, Barbara (voz) (voz), Sinopoli, Giuseppe (dirección musical) (dirección musical), Kunze, Stefan (texto del folleto) (texto del folleto)
Materiálatiipa: Jietna
Giella:German
Almmustuhtton: Hamburgo, Alemania : Deutsche Grammophon, 1989, c1989
Fáttát:
Fáddágilkorat: Lasit fáddágilkoriid
Eai fáddágilkorat, Lasit vuosttaš fáddágilkora!

MARC

LEADER 00000njm^a2200000^a^4500
001 000191854
005 20251020000000.0
009 20260310102542.903
037 |a Acervo ITESO - Biblioteca 
041 |a SON 
041 |a ALE 
082 |a 784. 07  |b WAG RIC 
100 |a Wagner, Richard  |e (música y libreto) 
240 1 1 |a [Tannhäuser] 
245 1 0 |a Tannhäuser :  |b und ser Sängerkrieg auf Warburg = Tannhäuser : and the Song Contest at the Wartburg = Tannhäuser : et le concours de chant à la Wartburg = Tannhäuser : e la gara dei cantori sulla Wartburg /  |c Música y libreto de R. Wagner ; voz Royal Opera House (Chorus) ; ejecución musical de la Philharmonia Orchestra ; dir. musical de G. Sinopoli ; texto del folleto de S. Kunze... [et al.] ; tr. por Andrew Huth. 
264 4 |a Hamburgo, Alemania :  |b Deutsche Grammophon,  |c 1989, c1989 
300 |a 3 discos compactos sonoros (71, 71, 54 min.) +  |e 1 folleto (172 p.) 
336 |a música interpretada  |b prm  |2 rdacontenido 
337 |a audio  |b s  |2 rdamedio 
338 |a disco sonoro  |b sd  |2 rdasoporte 
545 0 |a Nacido en Leipzig en 1813 y muerto en Venecia en 1883, Richard Wagner revolucionó la ópera al introducir en ella un leiv motiv o tema musical que da continuidad a toda la obra, vinculado al drama y a los sentimientos de los personajes principales. La temática de sus óperas está fuertemente anclada en la mitología y la epopeya germanas, de modo que son creaciones con fuerte identidad nacionalista, por lo que fueron muy apreciadas por los nazis; tal circunstancia, aunado a su expreso antisemitismo, ha provocado que, algunas veces, el trabajo de Wagner no sea debidamente valorado en términos artísticos. Aunque compuso varias oberturas, algo de piano y música de cámara, sus obras centrales son las trece óperas siguientes: Las hadas; La prohibición de amar; Rienzi; El holandés errante; Tannhäuser; Lohengrin; la tretalogía El anillo de los nibelungos (El oro del Rin, Las Valquirias, Siegfrieg y El crepúsculo de los dioses); Tristán e Isolda; Los maestros cantores de Nüremberg; y Parsifal. 
546 |a Edición multilingüe (folleto) 
649 |a XX 
650 |a Mitología 
650 |a Opera -  |z Alemania 
650 |a Música para Representación -  |z Alemania 
650 |a Música en el Teatro -  |z Alemania 
650 |a Música Vocal -  |z Alemania 
650 |a Música y Religión -  |z Alemania 
650 |a Música Romántica -  |z Alemania 
650 |a Música de Concierto -  |z Alemania 
650 |a Música Alemana -  |y Siglo XIX 
650 |a Teatro -  |z Alemania 
650 |a Artes Escénicas -  |z Alemania 
710 |a Royal Opera House (Chorus)  |e (voz) 
710 |a Philharmonia Orchestra  |e (ejecución musical) 
700 |a Domingo, Plácido  |e (voz) 
700 |a Salminen, Matti  |e (voz) 
700 |a Schmidt, Andreas  |e (voz) 
700 |a Pell, William  |e (voz) 
700 |a Rydl, Kurt  |e (voz) 
700 |a Bieber, Clemens  |e (voz) 
700 |a Hillebrandt, Oskar  |e (voz) 
700 |a Studer, Cheryl  |e (voz) 
700 |a Baltsa, Agnes  |e (voz) 
700 |a Bonney, Barbara  |e (voz) 
700 |a Sinopoli, Giuseppe  |e (dirección musical) 
700 |a Kunze, Stefan  |e (texto del folleto) 
910 |a Fondo General 
920 |a Sonoros - CDs 
940 |a CDs de Música 
905 |a 401 
901 |a 0500135852  |b IT2  |c CDM  |u 20250521 
901 |a 0500135855  |b IT2  |c CDM  |u 20250521 
901 |a 0500135858  |b IT2  |c CDM  |u 20250521 
901 |a 0500135849  |b IT2  |c MIM  |u 20251020 
902 |a https://opac.biblio.iteso.mx/vufind/Record/000191854